000 00816nam a2200265Ia 4500
001 21818
005 20260320113315.0
008 260320s9999||||xx |||||||||||||| ||und||
020 _a9788425228278
041 _aESP
082 _a711
_bL595
100 _aLynch, Kevin,
_eAUT
245 0 _aLa imagen de la ciudad
_b
246 _aThe image of the city
_5
_b
250 _aTercera edición, tercera tirada
260 _aBarcelona :
_bGG,
_c2024
300 _a203 páginas :
_bilustraciones, fotografías, planos ;
_c24 cm.
_e
440 _a
_n
_v
650 _aABD
653 _aUrbanismo; Ciudades
654 _aCAU
700 _a
_c
856 _uhttps://aplust-net.ucsp.lookproxy.com/area-privada/biblioteca-digital/
_zVéase además: Base de datos A+T Architecture Publishers
942 _cLIB
_dJUS
_fMAT
_2ddc
_n
999 _c21818
_d21818